Countries that start and end with the same letter - Statistics

General Stats
  • This quiz has been taken 48 times
  • The average score is 9 of 15
Answer Stats
Letter Country % Correct
A Australia
85%
A Albania
78%
A Austria
78%
A Algeria
71%
A Angola
71%
A Armenia
71%
A Andorra
63%
A Argentina
63%
S Seychelles
63%
A Antigua and Barbuda
54%
S Saint Kitts and Nevis
49%
C Czech Republic
46%
S Saint Vincent and the Grenadines
46%
C Central African Republic
44%
S Solomon Islands
41%
No matching quizzes found
Score Distribution
Percent of People with Each Score
Percentile by Number Answered
Your Score History
You have not taken this quiz